000 00453nam a22001577a 4500
999 _c40783
_d40783
003 OSt
005 20200207114856.0
008 191104b ||||| |||| 00| 0 eng d
040 _coclc
082 _a340.59
_bABD/I
100 _aAbdulla, M A
_927
245 _aIslamika Niyama Samhita /
_cDr. M A Abdulla
260 _aCalicut :
_bTrust For Education,
_c2013
300 _a351p
942 _2ddc
_cBK
_h340.59
_iABD/I
_k340.59
_mABD/I